000 00612nam a2200229Ia 4500
003 OSt
005 20221007062453.0
006 a|||||r|||| 00| 0
007 ta
008 221006b |||||||| |||| 00| 0 eng d
024 _a20,877
037 _cTextual
040 _aFLL
_cFLL
_beng
041 _2eng
_aeng
082 _aX415:Z2qM90, K9.2
100 _aPrakash G. Au.
_9682821
245 0 _aIndian railways act
260 _aAllahabad
_bLaw publishers India
_c1969
300 _a1552p
_ccm.
942 _hX415:Z2qM90, K9.2
_cTEXL
_2CC
999 _c1128693
_d1128693